Ke zkušenostem předválečného Československa s rozpočtovým určením výnosu daní
Náčrt vybraných aspektov daňových príjmov verejných rozpočtov za tzv. prvej republiky. Daňové príjmy miestnych rozpočtov ČSR možno rozdeliť do 3 skupín: podiely na výnose štátnych daní vyberaných ústrednou vládou, miestnou vládou vypisované a vyberané dane, miestnou vládou vypisované a ústrednou vlá...
Gespeichert in:
| 1. Verfasser: | |
|---|---|
| Format: | Buchkapitel |
| Sprache: | Tschechisch |
| Schlagworte: | |
| Tags: |
Keine Tags, Fügen Sie das erste Tag hinzu!
|
MARC
| LEADER | 00000naa a2200000 4500 | ||
|---|---|---|---|
| 001 | r018214 | ||
| 005 | 20221205101649.7 | ||
| 041 | 0 | |a cze | |
| 044 | |a CZ | ||
| 245 | 1 | 0 | |a Ke zkušenostem předválečného Československa s rozpočtovým určením výnosu daní |c L. Minčič |
| 520 | |a Náčrt vybraných aspektov daňových príjmov verejných rozpočtov za tzv. prvej republiky. Daňové príjmy miestnych rozpočtov ČSR možno rozdeliť do 3 skupín: podiely na výnose štátnych daní vyberaných ústrednou vládou, miestnou vládou vypisované a vyberané dane, miestnou vládou vypisované a ústrednou vládou vyberané prirážky k štátnym daniam. | ||
| 610 | 2 | 0 | |a dane |
| 610 | 2 | 0 | |a výnosy |
| 610 | 2 | 0 | |a história |
| 610 | 2 | 0 | |a ČSR |
| 610 | 2 | 0 | |a rozpočty |
| 610 | 2 | 0 | |a rozpočet miestny |
| 610 | 2 | 0 | |a príjmy rozpočtu štátneho |
| 100 | 1 | |a Minčič, L. | |